| 000 | 01358cam a2200349 i 4500 | ||
|---|---|---|---|
| 999 |
_c38033 _d38033 |
||
| 001 | 38033 | ||
| 003 | Mx-PuUPA | ||
| 005 | 20240410103800.0 | ||
| 008 | 140415s2001 mx ad r 000 0 spa d | ||
| 020 | _a9701035992 | ||
| 040 |
_erda _aMx-PuUPA _bspa _cMx-PuUPA _dMx-PuUPA |
||
| 041 | 1 |
_aspa _heng |
|
| 100 | 1 |
_aGuyton, Arthur C., _q(Clifton), _d1919-2003, _eautor _97640 |
|
| 240 | 1 | 0 |
_aTextbook of medical physiology. _lEspañol |
| 245 | 1 | 0 |
_aTratado de fisiología médica / _cArthur C. Guyton, John E. Hall ; traducción José Luis Agud Aparicio [y otros seis]. |
| 250 |
_aDecima edición / _ben español |
||
| 264 | 1 |
_aMéxico, D.F. : _bMcGraw-Hill Interamericana Editores, _c2001 |
|
| 300 |
_axxxi, 1280 páginas : _bilustraciones, gráficas, tablas ; _c28 cm. |
||
| 336 |
_atexto _2rdacontent _btxt |
||
| 337 |
_asin medio _2rdamedia _bn |
||
| 338 |
_avolumen _2rdacarrier _bnc |
||
| 650 | 4 | _aFisiología | |
| 700 | 1 |
_aHall, John E., _eautor |
|
| 700 | 1 |
_aAgud Aparicio, José Luis, _etraductor |
|
| 765 | 0 |
_aGuyton, Arthur C., _dPennsylvania : W.B. Saunders Company, ©2000 _tTextbook of medica physiology. _z072168677X |
|
| 942 |
_2ddc _cLI _h612 _iG986 |
||